برامج و طرق تربية الطفل المعوق قبل المدرسة / (رقم التسجيلة. 16308)
[ عرض عادي ]
| 000 -LEADER | |
|---|---|
| fixed length control field | 00584nam a22001817a 4500 |
| 005 - DATE AND TIME OF LATEST TRANSACTION | |
| control field | 20251108164853.0 |
| 008 - FIXED-LENGTH DATA ELEMENTS--GENERAL INFORMATION | |
| fixed length control field | 250721s1998 xx 000 0 ara d |
| 082 14 - DEWEY DECIMAL CLASSIFICATION NUMBER | |
| Classification number | 371.91/نجد |
| 100 1# - MAIN ENTRY--PERSONAL NAME | |
| Personal name | نجدي، سميرة أبو زيد |
| 245 10 - TITLE STATEMENT | |
| Title | برامج و طرق تربية الطفل المعوق قبل المدرسة / |
| 264 1# - PRODUCTION, PUBLICATION, DISTRIBUTION, MANUFACTURE, AND COPYRIGHT NOTICE | |
| Place of production, publication, distribution, manufacture | القاهرة : |
| Name of producer, publisher, distributor, manufacturer | مكتبة زهراء الشرق، |
| Date of production, publication, distribution, manufacture, or copyright notice | 1998. |
| 300 ## - PHYSICAL DESCRIPTION | |
| Extent | 259ص |
| 650 17 - SUBJECT ADDED ENTRY--TOPICAL TERM | |
| Topical term or geographic name as entry element | التعليم الخاص |
| 650 17 - SUBJECT ADDED ENTRY--TOPICAL TERM | |
| Topical term or geographic name as entry element | المعوقون |
| 650 17 - SUBJECT ADDED ENTRY--TOPICAL TERM | |
| Topical term or geographic name as entry element | علم النفس التربوي |
| 942 ## - ADDED ENTRY ELEMENTS (KOHA) | |
| Source of classification or shelving scheme | Dewey Decimal Classification |
| Koha item type | كتب |
| حالة السحب | حالة الفقدان | مصدر التصنيف | حالة التلف | غير قابل للإعارة | المكتبة الرئيسية | المكتبة الحالية | موقع الرف | تاريخ التزويد | الرقم المتسلسل | Total Checkouts | رقم الإستدعاء | الباركود | تاريخ آخر ظهور | تاريخ الفاتورة | نوع المادة (كوها) |
|---|---|---|---|---|---|---|---|---|---|---|---|---|---|---|---|
| Dewey Decimal Classification | مكتبة صويلح العامة | مكتبة صويلح العامة | الإعارة | 06/07/2004 | 380724 | 371.91/نجد | 380724 | 28/07/2025 | 06/07/2004 | كتب |